Podporný program na realizáciu metódy spin-off umožní podnikavým zamestnancom oddeliť sa od veľkých firiem
Metóda spin-off je vyčleňovanie malých a stredných podnikov z veľkých štátnych alebo privatizovaných podnikov a strategické riadenie ľudských zdrojov. Zásady a podmienky poskytnutia podpory na realizáciu metódy spin-off. Náležitosti žiadosti o poskytnutie podpory. Hlavný realizátor programu - Národn...
Salvato in:
| Natura: | Capitolo di libro |
|---|---|
| Lingua: | slovacco |
| Soggetti: | |
| Tags: |
Nessun Tag, puoi essere il primo ad aggiungerne!!
|
MARC
| LEADER | 00000naa a2200000 4500 | ||
|---|---|---|---|
| 001 | r020580 | ||
| 005 | 20230921074226.3 | ||
| 041 | 0 | |a slo | |
| 044 | |a SK | ||
| 245 | 1 | 0 | |a Podporný program na realizáciu metódy spin-off umožní podnikavým zamestnancom oddeliť sa od veľkých firiem |
| 520 | |a Metóda spin-off je vyčleňovanie malých a stredných podnikov z veľkých štátnych alebo privatizovaných podnikov a strategické riadenie ľudských zdrojov. Zásady a podmienky poskytnutia podpory na realizáciu metódy spin-off. Náležitosti žiadosti o poskytnutie podpory. Hlavný realizátor programu - Národná agentúra pre rozvoj malého a stredného podnikania. | ||
| 610 | 2 | 0 | |a Slovensko |
| 610 | 2 | 0 | |a podnikanie súkromné |
| 610 | 2 | 0 | |a podnik malý |
| 610 | 2 | 0 | |a podnik stredný |
| 610 | 2 | 0 | |a podnik veľký |
| 610 | 2 | 0 | |a podpora podnikania |
| 610 | 2 | 0 | |a spin-off |
| 610 | 2 | 0 | |a zamestnanosť |
| 610 | 2 | 0 | |a NARMSP Bratislava |